000 00463nab a2200145Ia 4500
003 ES-SlBCS
005 20210601134623.0
008 140529s1986 xxu||||| |||| 00| 0 spa d
041 _aspa
100 1 _aGándara Feijóo, Alfonso
_9220469
245 0 0 _aEl personalismo comunitario, una opción liberadora
_c Alfonso Gándara Feijóo
650 0 4 _aPersonalismo Comunitario
_9214688
773 0 _tAnthropos
_gvol. 7, nº. 12, 1986, págs. 43-55
_wRev38
942 _cAR
999 _c615398
_d615398